[Event "Intermat: BC - WA"]
[Site "Vancouver CAN"]
[Date "2016.05.14"]
[Round "2.17"]
[White "Ramasamy, Vikram"]
[Black "Doknjas, Joshua"]
[Result "1/2-1/2"]
[WhiteElo "2082"]
[BlackElo "2201"]
[PlyCount "96"]
[EventDate "2016.05.14"]
[EventType "team"]
[EventRounds "2"]
[EventCountry "CAN"]

1. e4 c5 2. c3 Nf6 3. e5 Nd5 4. d4 cxd4 5. Nf3 d6 6. cxd4 dxe5 7. dxe5 Nc6 8.
Bc4 Ndb4 9. Qb3 e6 10. O-O Na5 11. Bb5+ Bd7 12. Qa4 Bxb5 13. Qxb5+ Nac6 14. Nc3
a6 15. Qe2 Qd3 16. Rd1 Qxe2 17. Nxe2 Be7 18. Nc3 Rd8 19. Rxd8+ Bxd8 20. Ne4 Bc7
21. Nd6+ Bxd6 22. exd6 Kd7 23. Bf4 f6 24. a3 Nd5 25. Be3 Nxe3 26. fxe3 Kxd6 27.
Rd1+ Ke7 28. Kf2 Rc8 29. Rc1 Rd8 30. Ke2 Rd5 31. e4 Rd7 32. Ke3 e5 33. Nd2 Rc7
34. b4 Rc8 35. Nb3 b6 36. Nd2 Na7 37. Rxc8 Nxc8 38. Kd3 Kd7 39. a4 Ne7 40. Kc4
Nc6 41. Nb3 Nd8 42. a5 Kc6 43. axb6 Kxb6 44. Nc5 h5 45. h4 Nb7 46. Ne6 Nd6+ 47.
Kd5 Ne8 48. Nc5 Kb5 1/2-1/2

[Event "Intermat: BC - WA"]
[Site "Vancouver CAN"]
[Date "2016.05.14"]
[Round "2.18"]
[White "Zhang, Derek"]
[Black "Su, Michael"]
[Result "1/2-1/2"]
[WhiteElo "2176"]
[BlackElo "1891"]
[PlyCount "77"]
[EventDate "2016.05.14"]
[EventType "team"]
[EventRounds "2"]
[EventCountry "CAN"]

1. e4 e6 2. d4 d5 3. Nd2 Nf6 4. e5 Nfd7 5. Bd3 c5 6. c3 Nc6 7. Ne2 cxd4 8. cxd4
f6 9. exf6 Nxf6 10. Nf3 Bd6 11. O-O Qc7 12. Nc3 a6 13. Bg5 O-O 14. a3 Bd7 15.
Bc2 Be8 16. Re1 Nd8 17. Qb1 Bh5 18. Ne5 h6 19. Bh4 Bxe5 20. dxe5 Nd7 21. Bg3
Nc6 22. Ne2 Bxe2 23. Rxe2 Nd4 24. Rd2 Nxc2 25. Rxc2 Qd8 26. Qd1 Nb8 27. Qg4 Qd7
28. Bf4 Kh7 29. Be3 Nc6 30. f4 Rac8 31. Re1 Rfe8 32. b4 Ne7 33. Bc5 Nf5 34. Qh3
d4 35. Qd3 Kh8 36. Rc4 Red8 37. Rf1 Qd5 38. Rcc1 Ne3 39. Rf3 1/2-1/2

[Event "Intermat: BC - WA"]
[Site "Vancouver CAN"]
[Date "2016.05.14"]
[Round "2.19"]
[White "Chang, Lionel"]
[Black "Geng, Matthew"]
[Result "0-1"]
[WhiteElo "1720"]
[BlackElo "1844"]
[PlyCount "128"]
[EventDate "2016.05.14"]
[EventType "team"]
[EventRounds "2"]
[EventCountry "CAN"]

1. e4 c5 2. Nc3 d6 3. Bc4 Nf6 4. Nf3 e6 5. d3 Be7 6. h3 a6 7. a3 Nbd7 8. O-O
O-O 9. Be3 b5 10. Bb3 Bb7 11. Qd2 Qc7 12. Qe2 Rfe8 13. Rfe1 d5 14. Bg5 d4 15.
Na2 h6 16. Bh4 e5 17. c3 a5 18. a4 Ba6 19. Qd2 c4 20. Bc2 b4 21. Bxf6 Nxf6 22.
dxc4 Bxc4 23. Bd3 Bxa2 24. Rxa2 dxc3 25. bxc3 bxc3 26. Qc2 Bb4 27. Bb5 Red8 28.
Raa1 Bc5 29. Rad1 Bd4 30. Rc1 Qc5 31. Rb1 Rab8 32. Rec1 Nd7 33. Qa2 Nb6 34. Kf1
Rdc8 35. Rc2 Nc4 36. Bd7 Rd8 37. Rxb8 Rxb8 38. Bb5 Na3 39. Ke1 Nxc2+ 40. Qxc2
Qa3 41. Nxd4 exd4 42. Kd1 Qa1+ 43. Qc1 Qxc1+ 44. Kxc1 Kf8 45. Kc2 Ke7 46. f4 f6
47. g3 Kd6 48. g4 Rxb5 49. axb5 Kc5 50. h4 Kxb5 51. f5 Kc6 52. e5 Kd7 53. e6+
Ke7 54. g5 a4 55. gxh6 gxh6 56. h5 a3 57. Kb1 d3 58. Ka1 d2 59. Ka2 d1=Q 60.
Kxa3 Qb1 61. Ka4 Qb2 62. Ka5 c2 63. Ka4 c1=R 64. Ka5 Ra1# 0-1

[Event "Intermat: BC - WA"]
[Site "Vancouver CAN"]
[Date "2016.05.14"]
[Round "2.21"]
[White "Dhingra, Sangeeta"]
[Black "Shao, Nathan"]
[Result "0-1"]
[WhiteElo "1964"]
[BlackElo "1827"]
[PlyCount "62"]
[EventDate "2016.05.14"]
[EventType "team"]
[EventRounds "2"]
[EventCountry "CAN"]

1. e4 c5 2. Nf3 d6 3. d4 cxd4 4. Nxd4 Nf6 5. Nc3 g6 6. Be2 Bg7 7. O-O O-O 8.
Kh1 Nc6 9. Nb3 a5 10. a4 Be6 11. Nd4 Nxd4 12. Qxd4 Nd5 13. Qd2 Nxc3 14. bxc3
Rc8 15. Bb2 Bc4 16. Ra3 Qb6 17. Bxc4 Rxc4 18. Rb3 Qc6 19. Qd5 Qxa4 20. f3 Rfc8
21. Qxb7 R4c7 22. Qd5 Qc4 23. Qd1 Qa6 24. Rf2 Bxc3 25. Bxc3 Rxc3 26. Rxc3 Rxc3
27. Rd2 Qc6 28. h3 a4 29. Qb1 a3 30. Qa2 Qc4 31. Qb1 a2 0-1

[Event "Intermat: BC - WA"]
[Site "Vancouver CAN"]
[Date "2016.05.14"]
[Round "2.22"]
[White "Fields, Noah"]
[Black "Knox, Nathaniel"]
[Result "1-0"]
[WhiteElo "2063"]
[BlackElo "1661"]
[PlyCount "81"]
[EventDate "2016.05.14"]
[EventType "team"]
[EventRounds "2"]
[EventCountry "CAN"]

1. e4 e6 2. d4 d5 3. Nc3 dxe4 4. Nxe4 Bd7 5. Nf3 Bc6 6. Bd3 Nd7 7. O-O Ngf6 8.
Ng3 Be7 9. Re1 O-O 10. c3 Bxf3 11. Qxf3 c6 12. b4 Nd5 13. Bd2 N7f6 14. Rab1 b5
15. Rec1 a5 16. Rb2 axb4 17. cxb4 Qb6 18. Ne2 Ra3 19. Bxh7+ Nxh7 20. Qxa3 Bf6
21. Be3 Ng5 22. Rbc2 Rc8 23. Rxc6 Rxc6 24. Qa8+ Qd8 25. Qxd8+ Bxd8 26. Rxc6 Be7
27. a3 Ne4 28. Nf4 Nec3 29. Nxd5 Nxd5 30. Rc8+ Kh7 31. Rb8 Nc7 32. Rc8 Bd6 33.
Rd8 Be7 34. Rd7 Nd5 35. Rb7 Kg6 36. Rxb5 Nc3 37. Rb7 Bf8 38. Kf1 Nb1 39. a4 Nc3
40. a5 Nd5 41. a6 1-0

[Event "Intermat: BC - WA"]
[Site "Vancouver CAN"]
[Date "2016.05.14"]
[Round "2.23"]
[White "He, Samuel"]
[Black "Awatramani, Janak"]
[Result "0-1"]
[WhiteElo "2281"]
[BlackElo "2227"]
[PlyCount "70"]
[EventDate "2016.05.14"]
[EventType "team"]
[EventRounds "2"]
[EventCountry "CAN"]

1. d4 b6 2. Bg5 Bb7 3. e3 Nf6 4. Bxf6 exf6 5. Nf3 f5 6. g3 g6 7. Bg2 Bg7 8. O-O
O-O 9. a4 a6 10. Nbd2 d6 11. a5 b5 12. c4 c5 13. Qc2 Nc6 14. dxc5 Nb4 15. Qb3
dxc5 16. Rfc1 Qe7 17. Ne1 Bxg2 18. Kxg2 Rfd8 19. Ndf3 Qe6 20. Rab1 h6 21. h4
Rd7 22. Kg1 Rad8 23. Kh2 Bf6 24. Kg1 g5 25. hxg5 hxg5 26. Kf1 g4 27. Ng1 Rd2
28. Ne2 Be5 29. Rd1 bxc4 30. Rxd2 Rxd2 31. Qa4 Qd5 32. Ng2 Rxe2 33. Rd1 Nd3 34.
Qe8+ Kg7 35. Nh4 Re1+ 0-1

[Event "Intermat: BC - WA"]
[Site "Vancouver CAN"]
[Date "2016.05.14"]
[Round "2.24"]
[White "He, Daniel"]
[Black "Doknjas, John"]
[Result "1-0"]
[WhiteElo "2324"]
[BlackElo "2239"]
[PlyCount "57"]
[EventDate "2016.05.14"]
[EventType "team"]
[EventRounds "2"]
[EventCountry "CAN"]

1. c4 c5 2. Nf3 Nc6 3. Nc3 g6 4. e3 Nf6 5. d4 cxd4 6. exd4 d5 7. cxd5 Nxd5 8.
Qb3 e6 9. Bg5 Be7 10. Bxe7 Ncxe7 11. Bb5+ Kf8 12. O-O Kg7 13. Ne5 f6 14. Nf3
Bd7 15. Rfe1 Kf7 16. Bxd7 Qxd7 17. Ne4 Nc7 18. Neg5+ Kg7 19. Nxe6+ Nxe6 20.
Rxe6 Nd5 21. Rae1 Rhd8 22. h4 Rac8 23. h5 Qc7 24. R6e4 b6 25. Nh4 Qc2 26. Qg3
g5 27. Nf5+ Kh8 28. Nd6 Rc7 29. h6 1-0

[Event "Intermat: BC - WA"]
[Site "Vancouver CAN"]
[Date "2016.05.14"]
[Round "2.25"]
[White "Davis, Frederick"]
[Black "Hui, Jeremy"]
[Result "0-1"]
[WhiteElo "1895"]
[BlackElo "2084"]
[PlyCount "96"]
[EventDate "2016.05.14"]
[EventType "team"]
[EventRounds "2"]
[EventCountry "CAN"]

1. e4 e6 2. d4 d5 3. Nc3 Bb4 4. Nge2 dxe4 5. a3 Be7 6. Nxe4 Nf6 7. N2g3 O-O 8.
Be2 Nbd7 9. O-O b6 10. Bf3 Rb8 11. Re1 Bb7 12. Bg5 h6 13. Nxf6+ Nxf6 14. Be3
Qc8 15. c3 Rd8 16. Qe2 c5 17. Rad1 Bxf3 18. Qxf3 c4 19. Nh5 Nxh5 20. Qxh5 Rd5
21. Qg4 Bg5 22. Bxg5 Rxg5 23. Qf3 Rd5 24. Re5 Qd7 25. Rxd5 exd5 26. Re1 Re8 27.
Rxe8+ Qxe8 28. Qe3 Kf8 29. Qxe8+ Kxe8 30. Kf1 Kd7 31. Ke2 Kc6 32. Kd2 Kb5 33.
Kc2 Ka4 34. Kc1 b5 35. Kc2 a5 36. Kc1 b4 37. axb4 axb4 38. Kc2 Kb5 39. cxb4
Kxb4 40. f3 h5 41. f4 h4 42. f5 g6 43. fxg6 fxg6 44. g4 g5 45. h3 Ka5 46. Kd2
Kb5 47. Kc3 Ka4 48. Kc2 Kb4 0-1

[Event "Intermat: BC - WA"]
[Site "Vancouver CAN"]
[Date "2016.05.14"]
[Round "2.26"]
[White "Bashkansky, Ethan"]
[Black "Rathburn, Hector"]
[Result "0-1"]
[WhiteElo "2182"]
[BlackElo "1865"]
[PlyCount "68"]
[EventDate "2016.05.14"]
[EventType "team"]
[EventRounds "2"]
[EventCountry "CAN"]

1. d4 d6 2. e4 g6 3. Be3 Bg7 4. c3 Nf6 5. Nd2 O-O 6. Bc4 c6 7. Ne2 Nxe4 8.
Bxf7+ Rxf7 9. Nxe4 h6 10. Qc2 Nd7 11. Nf4 Nf6 12. Ng3 g5 13. Ng6 Ng4 14. O-O-O
Qa5 15. Kb1 Be6 16. c4 Re8 17. h4 Nxe3 18. fxe3 gxh4 19. d5 hxg3 20. dxe6 Rf2
21. Qb3 Qf5+ 22. Qd3 Rxb2+ 23. Kc1 Qxd3 24. Rxd3 Rxa2 25. Rh4 Rxg2 26. e4 Bf6
27. Rg4 Bg5+ 28. Kd1 Kh7 29. Nf4 Rg1+ 30. Ke2 Rf8 31. Nh3 Rf2+ 32. Nxf2 gxf2
33. Kxf2 Rxg4 34. e5 dxe5 0-1

[Event "Jack Boardman mem."]
[Site "Winnipeg CAN"]
[Date "2016.04.05"]
[Round "1"]
[White "Bince, Rolando"]
[Black "Le Dorze, Phil"]
[Result "1-0"]
[WhiteElo "2077"]
[BlackElo "1817"]
[PlyCount "39"]
[EventDate "2016.04.05"]
[EventType "swiss"]
[EventRounds "4"]
[EventCountry "CAN"]

1. e4 b6 2. c4 Bb7 3. Nc3 e6 4. d4 Bb4 5. Bd3 d5 6. Qa4+ Nc6 7. cxd5 exd5 8. e5
a6 9. Nf3 b5 10. Qc2 Nxd4 11. Nxd4 c5 12. Nf5 d4 13. Nd6+ Kf8 14. Nxb7 Qc7 15.
Nd6 c4 16. Be4 Re8 17. O-O dxc3 18. bxc3 Bxd6 19. exd6 Qxd6 20. a4 1-0

[Event "Jack Boardman mem."]
[Site "Winnipeg CAN"]
[Date "2016.04.05"]
[Round "1"]
[White "Campbell, Jamie"]
[Black "Baron, Gustav"]
[Result "0-1"]
[WhiteElo "1838"]
[BlackElo "2152"]
[PlyCount "52"]
[EventDate "2016.04.05"]
[EventType "swiss"]
[EventRounds "4"]
[EventCountry "CAN"]

1. b4 Nf6 2. Bb2 e6 3. a3 b6 4. g3 Bb7 5. Nf3 c5 6. b5 d5 7. Bg2 Nbd7 8. O-O
Bd6 9. d4 O-O 10. e3 Qc7 11. Nc3 Rac8 12. Rc1 Rfd8 13. Nd2 cxd4 14. exd4 Qb8
15. f4 Bxa3 16. Bxa3 Rxc3 17. Bb4 Rcc8 18. f5 e5 19. dxe5 Qxe5 20. c4 Nc5 21.
Nf3 Qe3+ 22. Kh1 dxc4 23. Bxc5 Qxc5 24. Qa4 Rc7 25. Rc2 Be4 26. Re2 Qxf5 0-1

[Event "Jack Boardman mem."]
[Site "Winnipeg CAN"]
[Date "2016.04.05"]
[Round "1"]
[White "Clark, Jeff"]
[Black "Letain, Cory"]
[Result "1-0"]
[WhiteElo "2017"]
[BlackElo "1647"]
[PlyCount "83"]
[EventDate "2016.04.05"]
[EventType "swiss"]
[EventRounds "4"]
[EventCountry "CAN"]

1. d4 Nf6 2. c4 c5 3. Nf3 cxd4 4. Nxd4 Nc6 5. g3 e6 6. Nxc6 bxc6 7. Bg2 Bb4+ 8.
Bd2 Bxd2+ 9. Qxd2 O-O 10. O-O d5 11. Rd1 Bb7 12. Nc3 dxc4 13. Qf4 Qb6 14. Qxc4
Rac8 15. Na4 Qa6 16. Rac1 Qxc4 17. Rxc4 Ba6 18. Rc2 Nd5 19. a3 Rc7 20. Nc5 Bb7
21. Rdc1 Ne7 22. Rd1 Rfc8 23. Rcd2 g6 24. e4 Kg7 25. Bh3 Kg8 26. f4 Re8 27. Rd8
Kf8 28. Bxe6 Rxd8 29. Rxd8+ Kg7 30. Bc4 Bc8 31. Kf2 Bg4 32. Ke3 Rc8 33. Rxc8
Bxc8 34. Kd4 f5 35. e5 h6 36. Nd3 g5 37. Kc5 Kf8 38. Kd6 Ke8 39. e6 Bb7 40. Kc7
Bc8 41. Ne5 a5 42. Nf7 1-0

[Event "Jack Boardman mem."]
[Site "Winnipeg CAN"]
[Date "2016.04.05"]
[Round "1"]
[White "Leaden, Bruce"]
[Black "Zashev, Aleksandar"]
[Result "0-1"]
[WhiteElo "1532"]
[BlackElo "1985"]
[PlyCount "44"]
[EventDate "2016.04.05"]
[EventType "swiss"]
[EventRounds "4"]
[EventCountry "CAN"]

1. e4 Nf6 2. e5 Nd5 3. c4 Nb6 4. Nc3 d6 5. Nf3 g6 6. d4 Bg7 7. Bd3 O-O 8. O-O
Nc6 9. a3 Bg4 10. Be2 Bxf3 11. Bxf3 Nxc4 12. Bxc6 bxc6 13. Qe2 Nb6 14. f4 Nd7
15. Bd2 c5 16. dxc5 Nxc5 17. Qc4 e6 18. b4 Nd7 19. exd6 cxd6 20. Rad1 Rc8 21.
Qb3 d5 22. Be3 Rxc3 0-1

[Event "Jack Boardman mem."]
[Site "Winnipeg CAN"]
[Date "2016.04.05"]
[Round "1"]
[White "Marshall, Carter"]
[Black "Wolchock, Theo"]
[Result "0-1"]
[WhiteElo "1297"]
[BlackElo "1941"]
[PlyCount "73"]
[EventDate "2016.04.05"]
[EventType "swiss"]
[EventRounds "4"]
[EventCountry "CAN"]

1. e4 e5 2. Nf3 d6 3. Nc3 Nf6 4. Bc4 Be7 5. b3 O-O 6. Bb2 Nc6 7. Qe2 Nd4 8.
Nxd4 exd4 9. Nd5 c5 10. Nxe7+ Qxe7 11. O-O-O Qxe4 12. Qxe4 Nxe4 13. Rde1 Nf6
14. Re7 d5 15. Bb5 a6 16. Bd3 Re8 17. Rxe8+ Nxe8 18. Re1 Be6 19. f4 Nd6 20. Ba3
Rc8 21. Re5 g6 22. g4 Kg7 23. g5 b5 24. Be2 b4 25. Bb2 Re8 26. Bxa6 f6 27.
gxf6+ Kxf6 28. Rg5 Bc8 29. d3 Bxa6 30. Rxd5 Nb7 31. a3 Re1+ 32. Kd2 Rb1 33. Bc1
Ke6 34. Re5+ Kd6 35. axb4 cxb4 36. Ra5 Nxa5 37. Kd1 0-1

[Event "Jack Boardman mem."]
[Site "Winnipeg CAN"]
[Date "2016.04.05"]
[Round "1"]
[White "Rutter, Blair"]
[Black "Marshall, Ken"]
[Result "1-0"]
[WhiteElo "1948"]
[BlackElo "1324"]
[PlyCount "85"]
[EventDate "2016.04.05"]
[EventType "swiss"]
[EventRounds "4"]
[EventCountry "CAN"]

1. c4 e5 2. Nc3 f5 3. g3 Nc6 4. Bg2 Nf6 5. d3 Bb4 6. Nh3 h6 7. O-O Qe7 8. e3 d6
9. Qa4 Bd7 10. Bxc6 Bxc3 11. Bxd7+ Nxd7 12. bxc3 a6 13. d4 O-O-O 14. Rb1 h5 15.
Qb3 b6 16. f4 h4 17. Ng5 hxg3 18. hxg3 exf4 19. gxf4 Rh4 20. Qd1 Nf6 21. Qf3
Rdh8 22. Kf2 Ng4+ 23. Ke1 Nh2 24. Qd5 Nxf1 25. Qxf5+ Kb8 26. Kxf1 Rh1+ 27. Ke2
R8h2+ 28. Kf3 Rxa2 29. c5 Ra5 30. cxd6 Rxf5 31. dxe7 Rh8 32. Ba3 Ra5 33. Bb4
Rb5 34. c4 Rf5 35. e4 Rf6 36. d5 c6 37. e5 Rfh6 38. d6 c5 39. Bxc5 Rc8 40.
Rxb6+ Ka8 41. d7 Rch8 42. d8=Q+ Rxd8 43. exd8=Q+ 1-0

[Event "Jack Boardman mem."]
[Site "Winnipeg CAN"]
[Date "2016.04.05"]
[Round "1"]
[White "Valentino, Marcos"]
[Black "Atem, James"]
[Result "1-0"]
[WhiteElo "2207"]
[BlackElo "1855"]
[PlyCount "68"]
[EventDate "2016.04.05"]
[EventType "swiss"]
[EventRounds "4"]
[EventCountry "CAN"]

1. d4 e6 2. e4 c5 3. d5 exd5 4. exd5 d6 5. Nf3 Nf6 6. Be2 Be7 7. O-O O-O 8. h3
Bf5 9. Re1 a6 10. c4 h6 11. Nc3 Nbd7 12. Bf4 Re8 13. Bd3 Bxd3 14. Qxd3 Qc7 15.
Re2 Nf8 16. Rae1 Ng6 17. Bh2 Bf8 18. g4 Rxe2 19. Rxe2 Nh7 20. Bg3 Qd7 21. Kg2
Rd8 22. b3 Re8 23. Rxe8 Qxe8 24. Ne4 Qd8 25. Qc3 Be7 26. a3 f6 27. b4 b6 28.
Ng1 Ng5 29. Qd3 Ne5 30. Bxe5 fxe5 31. Ng3 Qd7 32. Qg6 cxb4 33. axb4 Bf6 34. Nh5
Nh7 {scoresheets lose moves here - White won in 63} 1-0

[Event "Jack Boardman mem."]
[Site "Winnipeg CAN"]
[Date "2016.04.12"]
[Round "2"]
[White "Atem, James"]
[Black "Leaden, Bruce"]
[Result "1-0"]
[WhiteElo "1855"]
[BlackElo "1532"]
[PlyCount "89"]
[EventDate "2016.04.05"]
[EventType "swiss"]
[EventRounds "4"]
[EventCountry "CAN"]

1. f4 b6 2. e4 Bb7 3. Nc3 e6 4. d3 Be7 5. Nf3 Nf6 6. Qe2 O-O 7. Bd2 c5 8. O-O-O
Nc6 9. h3 Nd4 10. Qf2 a6 11. Nxd4 cxd4 12. Ne2 Rc8 13. Qxd4 Bc5 14. Qa4 Qc7 15.
Kb1 Bc6 16. Qb3 a5 17. c3 Ra8 18. c4 a4 19. Qc3 Rfb8 20. e5 Ne8 21. d4 Be4+ 22.
Ka1 Be7 23. Ng3 Bg6 24. Bd3 Bxd3 25. Qxd3 b5 26. c5 b4 27. f5 f6 28. fxe6 dxe6
29. exf6 Nxf6 30. Bg5 Rf8 31. Bxf6 Bxf6 32. Ne4 Qb7 33. Rc1 Qd5 34. Rc4 b3 35.
a3 Rfd8 36. Rd1 e5 37. Nxf6+ gxf6 38. Qg3+ Kf7 39. Rb4 Rg8 40. Qh4 Qxg2 41.
dxe5 fxe5 42. Qxh7+ Rg7 43. Qf5+ Kg8 44. Qe6+ Rf7 45. Rg4+ 1-0

[Event "Jack Boardman mem."]
[Site "Winnipeg CAN"]
[Date "2016.04.12"]
[Round "2"]
[White "Baron, Gustav"]
[Black "Rutter, Blair"]
[Result "1-0"]
[WhiteElo "2152"]
[BlackElo "1948"]
[PlyCount "85"]
[EventDate "2016.04.05"]
[EventType "swiss"]
[EventRounds "4"]
[EventCountry "CAN"]

1. d4 d5 2. c4 c6 3. Nf3 Nf6 4. g3 Bf5 5. Bg2 h6 6. O-O Nbd7 7. Nbd2 e6 8. b3
Bd6 9. Bb2 O-O 10. Ne5 Bxe5 11. dxe5 Ng4 12. e4 dxe4 13. Nxe4 Ngxe5 14. Qe2 Qc7
15. Rad1 Rad8 16. Nd6 Bd3 17. Rxd3 Nxd3 18. Qxd3 Nc5 19. Qd4 f6 20. Qxc5 Rxd6
21. Ba3 Rfd8 22. Qxa7 Rd2 23. Bb4 Rd1 24. Ba5 Rxf1+ 25. Bxf1 Qb8 26. Qe3 Re8
27. Bd3 Qd6 28. Bb6 Kf7 29. h4 Ra8 30. a4 Qb4 31. Bc5 Qa5 32. h5 f5 33. g4 Qc3
34. gxf5 exf5 35. Qe7+ Kg8 36. Bxf5 Qxb3 37. Qe6+ Kh8 38. Qg6 Kg8 39. Qh7+ Kf7
40. Bg6+ Kf6 41. Bd4+ Kg5 42. Bc2 Qxc4 43. Qxg7+ 1-0

[Event "Jack Boardman mem."]
[Site "Winnipeg CAN"]
[Date "2016.04.12"]
[Round "2"]
[White "Bonness, Will"]
[Black "Skop, Mike"]
[Result "1/2-1/2"]
[WhiteElo "1770"]
[BlackElo "1676"]
[PlyCount "47"]
[EventDate "2016.04.05"]
[EventType "swiss"]
[EventRounds "4"]
[EventCountry "CAN"]

1. e4 d5 2. exd5 Qxd5 3. Nc3 Qd6 4. Nf3 Bg4 5. d4 c6 6. Be2 Bxf3 7. Bxf3 Nf6 8.
Be3 e6 9. a3 Qc7 10. Ne4 Nxe4 11. Bxe4 Nd7 12. Qe2 Be7 13. O-O f5 14. Bd3 O-O
15. f4 Nf6 16. Bd2 Qd7 17. c3 Rae8 18. b4 Nd5 19. Rae1 Bd8 20. Qf3 Nc7 21. Re2
Qd5 22. Qh5 Rf6 23. Qf3 Qb3 24. Ree1 1/2-1/2

[Event "Jack Boardman mem."]
[Site "Winnipeg CAN"]
[Date "2016.04.12"]
[Round "2"]
[White "Kernetsky, Myron"]
[Black "Huston-Earle, Joshua"]
[Result "1-0"]
[WhiteElo "2024"]
[BlackElo "1582"]
[PlyCount "54"]
[EventDate "2016.04.05"]
[EventType "swiss"]
[EventRounds "4"]
[EventCountry "CAN"]

1. d4 Nf6 2. Nf3 d5 3. c4 h6 4. cxd5 Nxd5 5. e4 Nf6 6. Nc3 e6 7. Be2 Be7 8. O-O
O-O 9. e5 Nd5 10. Ne4 f6 11. exf6 Nxf6 12. Bd3 Nc6 13. Be3 Ng4 14. a3 e5 15.
Qb3+ Kh8 16. Nxe5 Ncxe5 17. dxe5 Nxe5 18. Bc2 Bf5 19. f3 b6 20. Rad1 Qe8 21.
Qd5 Bxe4 22. Qxe4 Nxf3+ 23. Rxf3 g6 24. Qxg6 Qxg6 25. Bxg6 Rxf3 26. gxf3 Bd6
27. Bd4+ Kg8 1-0

[Event "Jack Boardman mem."]
[Site "Winnipeg CAN"]
[Date "2016.04.12"]
[Round "2"]
[White "Le Dorze, Phil"]
[Black "Marshall, Ken"]
[Result "1-0"]
[WhiteElo "1817"]
[BlackElo "1324"]
[PlyCount "69"]
[EventDate "2016.04.05"]
[EventType "swiss"]
[EventRounds "4"]
[EventCountry "CAN"]

1. d4 d5 2. c4 c6 3. Nc3 Nf6 4. Bg5 Bf5 5. Nf3 Nbd7 6. e3 h6 7. Bf4 e6 8. Be2
Nh5 9. Be5 Qe7 10. c5 Nxe5 11. Nxe5 Nf6 12. Qa4 Qc7 13. b4 Be7 14. b5 O-O 15.
bxc6 b6 16. Nb5 Qc8 17. Nd6 Bxd6 18. cxd6 Ne4 19. d7 Qd8 20. Rc1 Qc7 21. O-O
Rab8 22. Ba6 h5 23. Qb4 Nd6 24. Qxd6 Qxd6 25. c7 f6 26. c8=Q fxe5 27. Qxf8+
Rxf8 28. Bb5 exd4 29. Rc8 dxe3 30. fxe3 d4 31. e4 Qe5 32. Rxf8+ Kxf8 33. d8=Q+
Kf7 34. Be8+ Kg8 35. Bg6# 1-0

[Event "Jack Boardman mem."]
[Site "Winnipeg CAN"]
[Date "2016.04.12"]
[Round "2"]
[White "Letain, Cory"]
[Black "Marshall, Carter"]
[Result "1/2-1/2"]
[WhiteElo "1647"]
[BlackElo "1297"]
[PlyCount "96"]
[EventDate "2016.04.05"]
[EventType "swiss"]
[EventRounds "4"]
[EventCountry "CAN"]

1. d4 d5 2. c4 c6 3. cxd5 cxd5 4. Nf3 Nc6 5. Nc3 e6 6. Bf4 a6 7. e3 Nf6 8. Be2
Be7 9. O-O Nh5 10. Qd2 Nxf4 11. exf4 O-O 12. a3 Bf6 13. Ne5 Qb6 14. Rad1 g6 15.
Na4 Qc7 16. Rc1 Qd6 17. Nc5 b6 18. Nxc6 bxc5 19. Rxc5 Bd7 20. Ne5 Rfc8 21. Nxd7
Qxd7 22. Rxc8+ Qxc8 23. Rc1 Qb7 24. b4 Qb6 25. Rc5 Ra7 26. g3 Rc7 27. Qc3 Bd8
28. Rxc7 Bxc7 29. a4 a5 30. b5 f5 31. Qc5 h5 32. Kg2 Kf7 33. Kf3 Ke8 34. h3 Kd8
35. Ke3 Kc8 36. h4 Kb7 37. f3 Bd6 38. Qc6+ Qxc6 39. bxc6+ Kxc6 40. Bb5+ Kb6 41.
Be8 Bb4 42. Bxg6 Be1 43. Bxh5 Bxg3 44. Bf7 Bxh4 45. Bxe6 Kc6 46. Bxf5 Bf6 47.
Be6 Kd6 48. f5 Kc6 1/2-1/2

[Event "Jack Boardman mem."]
[Site "Winnipeg CAN"]
[Date "2016.04.12"]
[Round "2"]
[White "Wolchock, Theo"]
[Black "Clark, Jeff"]
[Result "0-1"]
[WhiteElo "1941"]
[BlackElo "2017"]
[PlyCount "62"]
[EventDate "2016.04.05"]
[EventType "swiss"]
[EventRounds "4"]
[EventCountry "CAN"]

1. c4 Nf6 2. g3 e6 3. Bg2 d5 4. d4 Be7 5. Nf3 O-O 6. O-O c5 7. cxd5 exd5 8.
dxc5 Na6 9. Nc3 Nxc5 10. Nd4 Nce4 11. Nxe4 dxe4 12. b3 Re8 13. Bb2 Qb6 14. Qc2
Bc5 15. Rfd1 Bd7 16. Rac1 Rac8 17. Qb1 e3 18. f4 g6 19. Qa1 Ng4 20. Nc2 Bb5 21.
Bd5 Nf2 22. Bh8 Bf8 23. Re1 Rcd8 24. Nb4 Bxe2 25. Rxe2 Qxb4 26. Bxf7+ Kxf7 27.
Qf6+ Kg8 28. Rce1 Qe4 29. Rxe3 Nh3+ 30. Kf1 Qh1+ 31. Ke2 Qg2# 0-1

[Event "Jack Boardman mem."]
[Site "Winnipeg CAN"]
[Date "2016.04.12"]
[Round "2"]
[White "Zashev, Aleksandar"]
[Black "Bince, Rolando"]
[Result "1-0"]
[WhiteElo "1985"]
[BlackElo "2077"]
[PlyCount "121"]
[EventDate "2016.04.05"]
[EventType "swiss"]
[EventRounds "4"]
[EventCountry "CAN"]

1. d4 Nf6 2. Nf3 d5 3. Nc3 Bf5 4. Bf4 e6 5. e3 Bb4 6. Bd3 Ne4 7. O-O Bxc3 8.
bxc3 O-O 9. Bxe4 Bxe4 10. c4 Nc6 11. Nd2 Bg6 12. cxd5 exd5 13. Rb1 Na5 14. Rb4
b6 15. Re1 Qe7 16. a3 Rfe8 17. c4 c6 18. Qc1 Rac8 19. c5 b5 20. a4 a6 21. Qc3
Nb7 22. Rb2 Qd8 23. Ra1 Ra8 24. axb5 axb5 25. Rba2 Rxa2 26. Rxa2 Bf5 27. Ra7
Bc8 28. Nf3 f6 29. h4 Re7 30. Qa3 Re8 31. h5 Kf7 32. Qa6 Qd7 33. Qb6 g6 34. h6
g5 35. Bd6 Kg6 36. Qc7 Qxc7 37. Bxc7 Kxh6 38. Ne1 Re7 39. Bb6 Bf5 40. Bd8 Rd7
41. Bb6 g4 42. Kf1 Kg5 43. Ke2 h5 44. Ra8 h4 45. Rg8+ Kh5 46. f3 h3 47. gxh3
gxh3 48. Kf2 Kh4 49. Kg1 Rh7 50. Kf2 Rh6 51. f4 Be4 52. Nf3+ Bxf3 53. Kxf3 f5
54. Rg7 Kh5 55. Rxb7 h2 56. Kg2 Kg4 57. Rg7+ Kh5 58. Kxh2 Re6 59. Rg5+ Kh4 60.
Bd8 Rxe3 61. Rg3+ 1-0

[Event "Jack Boardman mem."]
[Site "Winnipeg CAN"]
[Date "2016.04.19"]
[Round "3"]
[White "Bince, Rolando"]
[Black "Atem, James"]
[Result "1-0"]
[WhiteElo "2077"]
[BlackElo "1855"]
[PlyCount "84"]
[EventDate "2016.04.05"]
[EventType "swiss"]
[EventRounds "4"]
[EventCountry "CAN"]

1. e4 d6 2. d4 c6 3. c4 g6 4. Nc3 Bg7 5. Be3 e6 6. Nf3 Bd7 7. Qd2 Ne7 8. h4 Qa5
9. a3 c5 10. dxc5 dxc5 11. h5 Nbc6 12. Be2 O-O-O 13. O-O Be8 14. Qe1 Nd4 15.
Bxd4 cxd4 16. Nd5 Qxe1 17. Nxe7+ Kd7 18. Nxe1 Kxe7 19. Nd3 Bc6 20. Bf3 Rhe8 21.
b4 b6 22. Rfe1 Kf8 23. a4 Kg8 24. b5 Ba8 25. a5 Rc8 26. Ra4 bxa5 27. c5 f5 28.
hxg6 hxg6 29. Rxa5 Bxe4 30. Bxe4 fxe4 31. Rxe4 Re7 32. c6 Rcc7 33. Kf1 e5 34.
Ke2 Bf6 35. Nc5 Rh7 36. Rg4 Rhe7 37. Kd3 Kf7 38. Ke4 Re8 39. Rg3 Rce7 40. Rf3
Kg7 41. Rfa3 Bg5 42. Nb7 Rf7 1-0

[Event "Jack Boardman mem."]
[Site "Winnipeg CAN"]
[Date "2016.04.19"]
[Round "3"]
[White "Clark, Jeff"]
[Black "Baron, Gustav"]
[Result "1-0"]
[WhiteElo "2017"]
[BlackElo "2152"]
[PlyCount "65"]
[EventDate "2016.04.05"]
[EventType "swiss"]
[EventRounds "4"]
[EventCountry "CAN"]

1. Nf3 Nf6 2. c4 e6 3. Nc3 d5 4. d4 Be7 5. Bg5 O-O 6. e3 Nbd7 7. Bd3 h6 8. Bh4
a6 9. cxd5 exd5 10. O-O Re8 11. Rc1 c6 12. a3 Nf8 13. Ne5 Ne4 14. Bxe7 Nxc3 15.
Bxd8 Nxd1 16. Rfxd1 Rxd8 17. b4 g6 18. Rd2 Ne6 19. a4 Bd7 20. Be2 Ng7 21. Rb2
Be8 22. Nd3 f6 23. Nc5 b5 24. Ra1 a5 25. bxa5 Rdb8 26. axb5 cxb5 27. a6 Ra7 28.
Rab1 Nf5 29. Bxb5 Bf7 30. g3 Rb6 31. Bd3 Rxb2 32. Rxb2 Nd6 33. Rb6 1-0